| 000 | 00714nam a2200193 i 4500 | ||
|---|---|---|---|
| 001 | 43628 | ||
| 003 | ES-MaACL | ||
| 005 | 20230906160839.0 | ||
| 007 | t| | ||
| 008 | 030318s1885 sp ||||1| spa d | ||
| 080 | _a913(64) | ||
| 100 | 1 |
_aCervera Baviera, Julio. _937637 |
|
| 245 | 1 | 0 |
_aExpedición geográfico militar al interior y costas de Marruecos _b: setiembre, octubre, noviembre y diciembre de 1884 / _cpor Julio Cervera Baviera. |
| 260 |
_aBarcelona : _b[s.n.], _c1885 ( _fEst. tip. de Fidel Giró) |
||
| 300 |
_a181 p. : _bil. ; _c27 cm. |
||
| 594 | _aPrecede al tít.: Publicaciones de la "Revista Científico-Militar" | ||
| 651 | 4 |
_aMarruecos- _xDescripción. _99025 |
|
| 852 |
_aES-MaACL _jT-827-F-6 |
||
| 999 |
_c43628 _d43628 |
||